| 000 | 00578nam a2200193Ia 4500 | ||
|---|---|---|---|
| 003 | OSt | ||
| 005 | 20200729114704.0 | ||
| 008 | 190216s9999||||xx |||||||||||||| ||und|| | ||
| 020 | _a9788120326415 | ||
| 040 | _coclc | ||
| 082 |
_a515.905 _bKAS/C |
||
| 100 |
_aKasana, H S _93839 |
||
| 245 | 0 |
_aComplex Variables Theory And Applications / _cH S Kasana |
|
| 250 | _a2nd Ed. | ||
| 260 |
_bPrentice Hall Of India Pvt Ltd _bPHI learning, _aNew Delhi: _c2005. |
||
| 300 | _a494p | ||
| 650 | _aMathematics | ||
| 942 |
_cBK _2ddc _h515.905 _iKAS/C _k515.905 _mKAS/C |
||
| 999 |
_c32101 _d32101 |
||